000 015630000a22002170004500
020 _a84-7645-026-5
041 0 _aSPA
082 0 4 _aG 173 A2111s
100 1 _aAdams, Jay E. (Edward)
245 1 0 _aSolucionando problemas familiares. Soluciones bíblicas para el consejero cristiano / Jay E. Adams ; Eliseo Vila, Versión española
260 _aTerrassa, Barcelona, España : CLIE
300 _a166 Pag.
500 _aTítulo original : Solving marriage problems
505 0 0 _a¿Por qué es tan importante el aconsejar matrimonial? -- el matrimonio del consejero -- causas de los problemas matrimoniales -- conceptos no bíblicos del matrimonio: errores centrales -- conceptos no bíblicos del matrimonio: errores relacionados -- pautas de vida pecaminosa en general -- pautas particulares de vida pecaminosa -- la importancia de las relaciones con otros -- relaciones particulares que son problemas -- problemas causados por relaciones particulares -- influencias generales en la sociedad -- cómo descubrir los problemas del matrimonio -- ilusiones y soluciones falsas -- objetivos básicos en el aconsejar matrimonial -- problemas peculiares a los dos sexos. Primera parte: las esposas -- problemas peculiares a los dos sexos. Segunda parte: los maridos
650 1 4 _aCONSEJERIA MATRIMONIAL \ CONSEJERIA PASTORAL \ MATRIMONIO - ASPECTOS RELIGIOSOS - CRISTIANISMO \ MATRIMONIO - ENSEÑANZA BIBLICA
001 1221
942 _cBK
999 _c32544
_d32544
336 _atexto
_btxt
_2rdacontent
337 _2rdamedia
_asin mediación
_bn
338 _2rdacarrier
_avolumen
_bnc